000 00812nam a2200217 i 4500
001 bg
245 0 0 _aInformator o sytuacji społeczno-gospodarczej Gdańska za 2007 r. =
_bInformation on social and economic situation of Gdańsk for the year 2007 /
_c[red. zespół Zbigniew Pietrzak et al.] ; Urząd Statystyczny w Gdańsku, Urząd Miejski w Gdańsku.
260 _aGdańsk :
_bUrząd Statystyczny :
_bUrząd Miejski,
_c2008.
300 _a150 s. :
_bgł. tabl. ;
_c24 cm.
546 _aTekst równol pol. i ang.
651 9 _aGdańsk
_y2007 r.
655 _aDane statystyczne
700 1 _aPietrzak, Zbigniew.
_eRed.
022 _a15057186
040 _cBPK
041 1 _apol
_aeng
044 _aPOL
080 _a311.3(438)"2001/..."(083.41)
942 _cKS
008 100507s2008 pl a |001 0 pol
999 _c49597
_d49597
856 _uhttp://koha.tu.koszalin.pl/cgi-bin/koha/opac-detail.pl?biblionumber=49597
_yKatalog online BPK